| 000 | 00385nam a2200145 a 4500 | ||
|---|---|---|---|
| 001 | 2704 | ||
| 005 | 20140414131919.0 | ||
| 008 | 050924s19uu xx 00 eng d | ||
| 050 |
_aER _bM66 Vol.3 |
||
| 245 | _aMini treasure chest of great fairy tales III, book 4. | ||
| 260 | _bTormont. | ||
| 300 | _ap. ; cm. | ||
| 440 | _aMini treasure chest of great fairy tales | ||
| 999 |
_c111665 _d111665 |
||